Statistics for Zakynthos International Airport Destinations (Zakynthos, Greece)

Click here to take the quiz!

General Stats

  • This quiz has been taken 28 times
    (9 since last reset)
  • The average score is 58 of 63

Answer Stats

AirlineDestination% Correct
Corendon Dutch Airlines/Sky Express/Transavia/TUI fly NetherlandsAmsterdam
100%
Olympic Air/Sky ExpressAthens
100%
Jet2.comBelfast (International)
100%
Air SerbiaBelgrade
100%
AeroItalia/RyanairBergamo
100%
EurowingsBerlin
100%
Jet2.com/TUI AirwaysBirmingham
100%
easyJet/Jet2.com/TUI AirwaysBristol
100%
Brussels Airlines/Transavia/TUI fly BelgiumBrussels
100%
Animawings/Wizz AirBucharest (Otopeni)
100%
Jet2.com/Ryanair/Wizz AirBudapest
100%
TUI AirwaysCardiff
100%
Scandinavian AirlinesCopenhagen
100%
Ryanair/TUI AirwaysDublin
100%
Condor/EurowingsDusseldorf
100%
Jet2.com/TUI AirwaysEast Midlands
100%
Jet2.comEdinburgh
100%
TransaviaEindhoven
100%
Swiss International Air LinesGeneva
100%
Jet2.com/TUI AirwaysGlasgow
100%
Condor/Eurowings/MarabuHamburg
100%
Sky ExpressHeraklion
100%
SmartwingsKosice
100%
Jet2.comLeeds/Bradford
100%
Jet2.comLiverpool
100%
easyJet/TUI AirwaysLondon (Gatwick)
100%
British AirwaysLondon (Heathrow)
100%
easyJetLondon (Luton)
100%
Jet2.com/Ryanair/TUI AirwaysLondon (Stansted)
100%
Corendon Dutch AirlinesMaastricht/Aachen
100%
easyJet/Jet2.com/TUI AirwaysManchester
100%
easyJet/Wizz AirMilan (Malpensa)
100%
Condor/Discover Airlines/Lufthansa/MarabuMunich
100%
easyJet/Jet2.com/Ryanair/VoloteaNaples
100%
Jet2.com/TUI AirwaysNewcastle upon Tyne
100%
TransaviaParis (Orly)
100%
Eurowings/SmartwingsPrague
100%
Ryanair/Vueling/Wizz AirRome (Fiumicino)
100%
TUI fly NetherlandsRotterdam/The Hague
100%
Bulgaria AirSofia
100%
EurowingsStuttgart
100%
Wizz AirWarsaw (Chopin)
100%
RyanairWarsaw (Modlin)
100%
Edelweiss AirZurich
100%
Ryanair/VoloteaBari
86%
SmartwingsBratislava
86%
SmartwingsBrno
86%
Wizz AirCluj-Napoca
86%
Condor/Discover AirlinesFrankfurt
86%
Sky ExpressKefalonia
86%
VoloteaNantes
86%
SmartwingsOstrava
86%
VoloteaVenice
86%
VoloteaVerona
86%
Austrian Airlines/Ryanair/Wizz AirVienna
86%
Jet2.com/TUI AirwaysBournemouth
71%
VoloteaPalermo
71%
Wizz AirTimisoara
71%
Sky ExpressPreveza/Lefkada
57%
EurowingsSalzburg
57%
Tus AirwaysTel Aviv
57%
Sky ExpressWeeze
57%
TUI AirwaysExeter
43%

Score Distribution

Percentile by Number Answered

Percent of People with Each Score

Your Score History

You have not taken this quiz since the last reset